| 000 | 00660cam a22002055a 4500 | ||
|---|---|---|---|
| 001 | L157235 | ||
| 008 | 121002s1870 xxk f 000 0 eng d | ||
| 035 | _a(Sirsi) u157235 | ||
| 041 | 0 | _aeng | |
| 245 | 0 | 0 | _aNesbit's practical land surveying |
| 250 | _a12th ed. | ||
| 260 |
_aLondon _bLongmans, Green, Reader, and Dyer _c1870 |
||
| 300 |
_a499 p., 6 pl., 43 p. _bill. _c23 cm. |
||
| 520 | _aInscribed with the name "Henry Ward" on the top right corner of front endpaper. | ||
| 583 |
_aCondition reviewed _c20121002 _lcondition level 4 |
||
| 651 | 4 |
_aGreat Britain _y1707- |
|
| 690 |
_aGeomatics _96242 |
||
| 700 | 1 |
_aBurness, William _eEditor |
|
| 942 | _n0 | ||
| 999 |
_c114665 _d114665 |
||